00319nam a2200133Ia 4500008004100000041000800041082001500049100001500064245004100079260002500120300000800145365001700153700001500170230718s9999 xx 000 0 und d aeng a381.1bCAS aCassidy J. aDoc.Com The Greatest Story Ever Sold c2002bHarper And Rao a372 cRs.b1054.00 aCassidy J.